000 00599nam a2200181Ia 4500
008 151202s9999||||xx |||||||||||||| ||und||
082 _bPNVM-60781
100 _aविद्यासागर पंडित.
245 _aसुपर क्लोन.
260 _b"सन पब्लिकेशन,पुणे."
260 _c60781
300 _a123
600 _aविद्यासागर पंडित.
630 _aसुपर क्लोन.
700 _aविद्यासागर पंडित.
730 _aसुपर क्लोन.
942 _cBOOK
999 _c1327315
_d1327312